00000000nam 2200000zi 4500
0019.920681
003CaOODSP
00520250107144058
006m     o  d f      
007cr mn|||||||||
008230307s2023    onc     obs  f000 0 eng d
020 |a9780660479248
040 |aCaOODSP|beng|erda|cCaOODSP
043 |an-cn---
0861 |aPS83-3/453E-PDF
1001 |aBrown, Gregory P. |eauthor.|q(Gregory Paul)
24510|aHealth and well-being of older offenders on conditional release in the community / |cGregory P. Brown, Christopher Greco, Jane Barker, Kindra McMillan, Grace Tiersma & Kaitlyn Wardrop, Geoff Wilton.
264 1|aOttawa, Ontario : |bCorrectional Service Canada = Service correctionnel Canada, |c2023.
300 |a1 online resource (viii, 112 pages)
336 |atext|btxt|2rdacontent
337 |acomputer|bc|2rdamedia
338 |aonline resource|bcr|2rdacarrier
4901 |aResearch report ; |vno. R-453
500 |aIssued also in French under title: Santé et mieux-être des délinquants âgés en liberté sous condition dans la collectivité.
504 |aIncludes bibliographical references (pages 44-53).
650 0|aOlder prisoners|zCanada|vStatistics.
650 0|aOlder prisoners|xHealth and hygiene|zCanada|vStatistics.
655 7|aStatistics|2lcgft
7102 |aCorrectional Service Canada, |eissuing body.
77508|tSanté et mieux-être des délinquants âgés en liberté sous condition dans la collectivité / |w(CaOODSP)9.920683
830#0|aResearch report (Correctional Service Canada. Research Branch)|vno. R-453.|w(CaOODSP)9.506063
85640|qPDF|s1.09 MB|uhttps://publications.gc.ca/collections/collection_2023/scc-csc/PS83-3-453-eng.pdf